000 00974cam a2200301 a 4500
008 041223s2006 maua 001 0 eng
010 _a 2004118146
020 _a0618528725 (pbk.)
040 _aDLC
_cDLC
_dDLC
050 0 0 _aPE1417
_b.W677 2006
082 0 0 _a808/.0427
_222
092 0 4 _a808.0427
_bM1774
_221
099 _a04
_a808.0427 M1774
100 1 _aMcWhorter, Kathleen T.
245 1 4 _aThe writer's selections :
_bshaping our lives /
_cKathleen T. McWhorter.
250 _a4th ed.
260 _aBoston :
_bHoughton Mifflin,
_cc2006.
300 _axvi, 288 p. :
_bill. (some col.) ;
_c24 cm.
500 _aIncludes index.
650 0 _aCollege readers.
650 0 _aEnglish language
_xRhetoric
_vProblems, exercises, etc.
650 0 _aReport writing
_vProblems, exercises, etc.
902 _a1
905 _aEman
_eRev.
905 _aJihan
_eCat.
942 _2ddc
_cBK
999 _c115144
_d115144